LEADER 01170nem2 2200361 450 001 990009812820403321 005 20140121152404.0 035 $a000981282 035 $aFED01000981282 035 $a(Aleph)000981282FED01 035 $a000981282 100 $a20140121d1576----km-y0itay50------ba 101 0 $aita 102 $aIT 120 $aa------------ 121 $aaa-aa---- 123 0 $aa 200 1 $aIslanda$bDocumento cartografico 206 $aScala non determinabile 210 $aIn Venetia$cappresso Simon Galignani et Girolamo Porro$d1576 215 $a1 c. [p. 1]$d15 x 11 cm 300 $aRappresentazione dell'orografia a mucchi di talpa 463 0$1001000964765 610 0 $aIslanda$aCarte antiche 700 1$aPorcacchi,$bTommaso$f<1530-1585>$0327571 701 1$aPorro,$bGirolamo$f<1520-1604>$0327572 801 0$aIT$bUNINA$gRICA$2UNIMARC 856 4 $zVisualizza versione elettronica presso Internet culturale$uhttp://iccu01e.caspur.it/ms/internetCulturale.php?id=mag_GEO0002701&teca=GeoWeb+-+Marciana$e20140121 901 $aMP 912 $a990009812820403321 959 $aILFGE 996 $aIslanda$9837978 997 $aUNINA LEADER 01549nam2-2200409li-450 001 990000212700203316 005 20180312154738.0 010 $a3-540-55651-6 035 $a0021270 035 $aUSA010021270 035 $a(ALEPH)000021270USA01 035 $a0021270 100 $a20001109d1992----km-y0itay0103----ba 101 0 $aeng 102 $aGW 200 1 $aCoding theory and algebraic geometry$eproceedings of the internatioanal workshop, held in Luminy, France, June 17-21, 1991$fH. Stichtenoth ... [et al.] (eds.) 210 $aBerlin [etc.]$cSpringer-Verlag$dcopyr. 1992 215 $aVIII, 223 p.$cill.$d25 cm 225 2 $aLecture notes in mathematics$v1518 410 0$10010021263$12001$aLecture notes in mathematics$ea collection of informal reports and seminars$fedited by A. Dold, Heidelberg and B. Eckmann, Zürich 610 1 $acongressi$aluminy$a1991 610 1 $ageometria algebrica$acongressi$a1991 610 1 $ateoria della codificazione$acongressi$a1991 676 $a51635$9Geometria algebrica 702 1$aStichtenoth,$bHenning 801 $aSistema bibliotecario di Ateneo dell' Università di Salerno$gRICA 912 $a990000212700203316 951 $a510 LNM (1518)$b0014547 CBS$c510$d00110490 959 $aBK 969 $aSCI 979 $c19920202 979 $c20001110$lUSA01$h1714 979 $aALANDI$b90$c20011203$lUSA01$h1459 979 $c20020403$lUSA01$h1629 979 $aPATRY$b90$c20040406$lUSA01$h1615 996 $aCoding theory and algebraic geometry$9262348 997 $aUNISA